Kvalita a bezpečnosť potravín - starostlivosť o zákazníka

Zdravotná neškodnosť - základná požiadavka na potraviny na Slovensku a v EÚ. Kvalita a bezpečnosť potravín. Pojem "bezpečnosť potravín". Súčasný stav systému kvality a bezpečnosti potravín. Význam plánovanej normy kvality ISO 22000 - táto norma zasahuje celý potravinový reťazec, od výroby až k obcho...

Descripción completa

Guardado en:
Detalles Bibliográficos
Autor principal: Polák, Matej
Formato: Capítulo de libro
Lenguaje:eslovaco
Materias:
Etiquetas: Agregar Etiqueta
Sin Etiquetas, Sea el primero en etiquetar este registro!

MARC

LEADER 00000naa$a2200000$$$4500
001 0048516
005 20240502083129.7
041 0 |a slo 
044 |a UA 
245 1 0 |a Kvalita a bezpečnosť potravín - starostlivosť o zákazníka  |c Matej Polák 
520 |a Zdravotná neškodnosť - základná požiadavka na potraviny na Slovensku a v EÚ. Kvalita a bezpečnosť potravín. Pojem "bezpečnosť potravín". Súčasný stav systému kvality a bezpečnosti potravín. Význam plánovanej normy kvality ISO 22000 - táto norma zasahuje celý potravinový reťazec, od výroby až k obchodným reťazcom. Nové normy kvality požadujú meranie monitorovania spokojnosti zákazníka. Starostlivosť o kľúčových zákazníkov. Preukazovanie kvality. Meranie spokojnosti zákazníka. Praktické problémy potravinovej bezpečnosti. Hlavné zásady pripravovanej normy ISO 22000. Najnovší legislatívny vývoj v systéme bezpečnosti potravín v EÚ. Novo vyvinutý predpis - hygienický balíček a jeho základné princípy. 
610 2 0 |a bezpečnosť potravinová 
610 2 0 |a zákazníci 
610 2 0 |a potraviny 
610 2 0 |a kvalita 
610 2 0 |a produkty 
610 2 0 |a certifikácia 
610 2 0 |a kontrola kvality 
610 2 0 |a normy ISO 
610 2 0 |a Európska únia 
100 1 |a Polák, Matej